| 000 | 00906nam a22002175i 4500 | ||
|---|---|---|---|
| 001 | 53549 | ||
| 003 | ES-MaACL | ||
| 005 | 20250728042309.0 | ||
| 007 | t| | ||
| 008 | 960701m18891906fr a ||||1| fre d | ||
| 040 |
_aCAM _bspa _cCAM |
||
| 100 | 1 |
_aFabre, Charles. _948530 |
|
| 245 | 1 | 0 |
_aTraité encyclopédique de photographie / _cpar Charles Fabre. |
| 260 |
_aParis : _bGauthier-Villard & fils imprimeurs-éditeurs, _c1889-1906 ( _eToulouse : _fimp. Douladoure-Privat) |
||
| 300 |
_a8 v. : _bil. ; _c26 cm. |
||
| 505 | 8 | _aContiene: T. I: Matériel Photographique -- T. II: Phototypes Négatifs -- T. III: Phototypes Positifs-Photocopies, Photocalques-Phototirages -- T. IV: Agrabdissements Aplications de la Photographie --T. V:-VIII Supléments | |
| 597 | _a4 v. y 4 v. de suplemento. | ||
| 650 | 7 |
_aFotografía- _xTécnica _2 _9150981 |
|
| 852 |
_aES-MaACL _jG-14753-60 |
||
| 999 |
_c53549 _d53549 |
||